Biggest Cities in Each Canadian Province - Statistics

General Stats
  • This quiz has been taken 74 times
  • The average score is 11 of 13
Answer Stats
Province/Territory Population City % Correct
British Columbia 662,248 Vancouver
98%
Ontario 2,794,356 Toronto
97%
Alberta 1,306,784 Calgary
95%
Quebec 1,762,949 Montreal
94%
Nova Scotia 439,819 Halifax
87%
Northwest Territories 20,340 Yellowknife
85%
Newfoundland & Labrador 110,525 St John's
84%
Manitoba 749,607 Winnipeg
84%
Saskatchewan 266,141 Saskatoon
81%
Yukon 28,201 Whitehorse
74%
Nunavut 7,429 Iqaluit
66%
Prince Edward Island 38,809 Charlottetown
61%
New Brunswick 79,470 Moncton
48%
No matching quizzes found
Score Distribution
Percent of People with Each Score
Percentile by Number Answered
Your Score History
You have not taken this quiz